00551nam a2200205Ia 450000500170000000800460001703700110006304000080007404000080008204000080009004100080009804100080010608400080011410000400012224500780016226000090024030000100024965000240025970000620028320260430150006.0008 250103s9999 xx 000 0 eng d aTheses aCRL beng ceng 2eng aeng qCRL aKaur Bhavneet Au.; Arif Yasmeen Gu. 0asensorium of the everyday: remembrances and remnants in downtown Srinagar c2020 a186p. aEconomic Conditions aUniversity of Delhi. Delhi school of economics. Sociology